Ανάπτυξη εφαρμογών σε προγραμματιστικό περιβάλλον : βιβλίο μαθητή Γ' Ενιαίου Λυκείου (Τεχνολογικής κατεύθυνσης)

Saved in:
Bibliographic Details
Other Authors: Βακάλη, Αθηνά
Format: Book
Language:Greek
Published: Αθήνα : Υπουργείο Εθνικής Παιδείας και Θρησκευμάτων, Παιδαγωγικό ινστιτούτο, 1999.
Subjects:
Tags: Add Tag
No Tags, Be the first to tag this record!

MARC

LEADER 00000cam a2200000 i 4500
001 1/30190
008 021217s1999 gr | ||| |||| ||gre||
020 |a 9607251237 
035 |l 10068936 
040 |a GR-MyUA  |b gre  |e AACR2 
041 0 |a gre 
082 0 |a 005.1  |2 (21) 
245 1 0 |a Ανάπτυξη εφαρμογών σε προγραμματιστικό περιβάλλον :   |b βιβλίο μαθητή Γ' Ενιαίου Λυκείου (Τεχνολογικής κατεύθυνσης) /   |c Α. Βακάλη... [κ.α].  
260 |a Αθήνα :   |b Υπουργείο Εθνικής Παιδείας και Θρησκευμάτων,   |b Παιδαγωγικό ινστιτούτο,   |c 1999.  
300 |a 336 σ. :   |b εικ. ;   |c 23 εκ.  
504 |a Περιέχει ευρετήριο.  
650 0 0 |a Computer programming  |x Study and teaching (Higher) 
650 0 0 |a Computer algorithms  |x Study and teaching (Higher) 
700 1 |a Βακάλη, Αθηνά. 
852 |a INST  |b SAMOS  |e 20021217  |h 005.1 ΑΝΑ  |p 005300020943  |q 005300020943  |t BK  |y 0 
852 |a INST  |b SAMOS  |e 20050322  |h 005.1 ΑΝΑ  |p 005300025284  |q 005300025284  |t BK  |y 0 
901 |a BIBL5-2008-3 
901 |a BIBL3-2005-1 
901 |a BIBL3-2002-3 
909 |a Σ  |b 114391 
909 |a Σ  |b 086477 
970 |a ΜΑΛΑΓΑΡΗ  |b ΦΩΤΕΙΝΗ  |z 2002/12/17